[Event "Aragon-chT Honor Gr II"]
[Site "Aragon"]
[Date "2022.03.12"]
[Round "7.6"]
[White "Garcia Gonzalez, Omar"]
[Black "Salamero Pelay, Fernando"]
[Result "1-0"]
[WhiteElo "2057"]
[BlackElo "2076"]
[PlyCount "75"]
[EventDate "2022.01.29"]
[EventType "team-tourn"]
[EventRounds "7"]
[EventCountry "ESP"]
[SourceTitle "EXT 2024"]
[Source "ChessBase"]
[SourceDate "2023.10.10"]
[SourceVersion "1"]
[SourceVersionDate "2023.10.10"]
[SourceQuality "1"]
[WhiteTeam "Palacio de Pioneros"]
[BlackTeam "Huesca Club Atletismo"]
[WhiteTeamCountry "ESP"]
[BlackTeamCountry "ESP"]

1. e4 Nf6 2. e5 Nd5 3. d4 d6 4. c4 Nb6 5. exd6 cxd6 6. Nc3 g6 7. Be3 Bg7 8. Rc1 0-0 9. b3 e5 10. dxe5 dxe5 11. Qxd8 Rxd8 12. c5 N6d7 13. Nf3 Nc6 14. Bc4 Na5 15. Be2 Nc6 16. 0-0 h6 17. Rfd1 Nf8 18. Nb5 Be6 19. Nd6 Rab8 20. Nd2 Nb4 21. Bf3 Nxa2 22. Nxb7 Rxd2 23. Bxd2 Nxc1 24. Rxc1 f5 25. c6 e4 26. Be2 Be5 27. b4 Kg7 28. Be3 Ra8 29. b5 g5 30. Rd1 Bc7 31. Ra1 f4 32. Bd4+ Kg6 33. Rxa7 Re8 34. Nc5 Rd8 35. Rxc7 Rxd4 36. Nxe6 Nxe6 37. Re7 Kf6 38. c7 1-0

[Event "EU-ch Online U2300 Qual"]
[Site "Chess.com INT"]
[Date "2020.05.25"]
[Round "6"]
[White "Salamero Pelay, Fernando"]
[Black "Green, Golan"]
[Result "0-1"]
[WhiteElo "2071"]
[BlackElo "2211"]
[PlyCount "54"]
[EventDate "2020.05.25"]
[EventType "swiss"]
[EventRounds "8"]
[EventCountry "NET"]
[SourceTitle "EXT 2021"]
[Source "ChessBase"]
[SourceDate "2020.10.23"]
[SourceVersion "1"]
[SourceVersionDate "2020.10.23"]
[SourceQuality "1"]

1. e4 e6 2. d4 d5 3. Nc3 Nf6 4. e5 Nfd7 5. f4 c5 6. Nf3 Nc6 7. Be3 a6 8. Qd2 b5 9. dxc5 Bxc5 10. Bxc5 Nxc5 11. Bd3 Qb6 12. 0-0-0 b4 13. Ne2 a5 14. Ned4 Nxd4 15. Nxd4 Ba6 16. Bxa6 Rxa6 17. f5 Ne4 18. Qe2 a4 19. fxe6 fxe6 20. Qg4 0-0 21. Rhf1 Rxf1 22. Rxf1 Qxd4 23. Qf4 h6 24. Qf7+ Kh7 25. Rd1 Qe3+ 26. Kb1 a3 27. Qb7 Rb6 0-1

[Event "Aragon-chT Honor Gr-II"]
[Site "Aragon"]
[Date "2020.02.01"]
[Round "2.30"]
[White "Pellicer Cerezuela, Miguel"]
[Black "Salamero Pelay, Fernando"]
[Result "1-0"]
[WhiteElo "2009"]
[BlackElo "2075"]
[PlyCount "49"]
[EventDate "2020.01.25"]
[EventType "team-tourn"]
[EventRounds "7"]
[EventCountry "ESP"]
[SourceTitle "EXT 2022"]
[Source "ChessBase"]
[SourceDate "2021.10.06"]
[SourceVersion "1"]
[SourceVersionDate "2021.10.06"]
[SourceQuality "1"]
[WhiteTeam "La Aurora Estadilla"]
[BlackTeam "Huesca Club Atletismo"]
[WhiteTeamCountry "ESP"]
[BlackTeamCountry "ESP"]

1. d4 g6 2. Nf3 Bg7 3. e3 d6 4. Bd3 e5 5. 0-0 Ne7 6. c3 0-0 7. Na3 Nbc6 8. dxe5 Nxe5 9. Nxe5 Bxe5 10. e4 d5 11. Bg5 dxe4 12. Bxe4 Qxd1 13. Raxd1 Nf5 14. Nc4 Bg7 15. Bf4 Be6 16. Na5 Bxa2 17. Bxb7 Rae8 18. Ra1 Be6 19. Bxc7 Re7 20. Bf4 Rd7 21. Bc6 Rd3 22. Be4 Rd7 23. Nc6 Rb7 24. Nb4 Re7 25. Bxf5 1-0

[Event "Aragon-chT Honor Gr I"]
[Site "Aragon"]
[Date "2018.02.17"]
[Round "4.13"]
[White "Salamero Pelay, Fernando"]
[Black "Del Rey, Diego"]
[Result "0-1"]
[WhiteElo "2155"]
[BlackElo "2323"]
[PlyCount "136"]
[EventDate "2018.01.27"]
[EventType "team-tourn"]
[EventRounds "7"]
[EventCountry "ESP"]
[SourceTitle "EXT 2019"]
[Source "ChessBase"]
[SourceDate "2018.10.10"]
[SourceVersion "1"]
[SourceVersionDate "2018.10.10"]
[SourceQuality "1"]
[WhiteTeam "Huesca Club Atletismo"]
[BlackTeam "El Olivar"]
[WhiteTeamCountry "ESP"]
[BlackTeamCountry "ESP"]

1. e4 c5 2. b3 b6 3. Bb2 Bb7 4. Nc3 e6 5. Nf3 Nf6 6. e5 Nd5 7. Nxd5 exd5 8. d4 Be7 9. Bd3 Nc6 10. a3 d6 11. 0-0 0-0 12. Re1 cxd4 13. Nxd4 Nxe5 14. Qh5 g6 15. Qh6 Bg5 16. Qh3 Bf6 17. Re3 Nxd3 18. cxd3 Be5 19. Rae1 Qf6 20. Rf3 Bc8 21. Rxf6 Bxh3 22. Rxe5 dxe5 23. Nc6 Kg7 24. Bxe5 Rfe8 25. d4 Rxe5 26. dxe5 Be6 27. Kf1 Kf8 28. Ke2 Rc8 29. Nd4 Ke7 30. Kd2 a5 31. h4 a4 32. h5 axb3 33. Nxb3 Rc4 34. hxg6 hxg6 35. f4 Ra4 36. g4 d4 37. Nc1 Bxg4 38. Rxb6 Rxa3 39. Nb3 Bf5 40. Nc5 Ra2+ 41. Ke1 Ra1+ 42. Ke2 Ra2+ 43. Ke1 Rc2 44. Rb7+ Kd8 45. Rb8+ Kc7 46. Na6+ Kd7 47. Rb7+ Kd8 48. Nb4 Rc4 49. Nd5 Be4 50. Rb8+ Rc8 51. Rb5 d3 52. Ne3 Ra8 53. Rb4 Ra1+ 54. Kd2 Ra2+ 55. Kc3 Bc6 56. Kxd3 Rf2 57. Ng4 Rf1 58. Nf6 Kc7 59. Rc4 Kb6 60. Ke3 Rf3+ 61. Kd2 g5 62. fxg5 Rf5 63. Ne8 Bxe8 64. e6 fxe6 65. Re4 e5 66. Rg4 Bg6 67. Ke3 Kc5 68. Rg1 Kd5 0-1

[Event "Aragon-chT Honor GrB"]
[Site "Aragon"]
[Date "2017.02.25"]
[Round "5.25"]
[White "Salamero Pelay, Fernando"]
[Black "Baquedano Coarasa, Pablo"]
[Result "1/2-1/2"]
[WhiteElo "2163"]
[BlackElo "2214"]
[PlyCount "161"]
[EventDate "2017.01.28"]
[EventType "team-tourn"]
[EventRounds "7"]
[EventCountry "ESP"]
[SourceTitle "EXT 2018"]
[Source "ChessBase"]
[SourceDate "2017.10.13"]
[SourceVersion "1"]
[SourceVersionDate "2017.10.13"]
[SourceQuality "1"]
[WhiteTeam "Huesca Club Atletismo"]
[BlackTeam "Palacio de Pioneros"]
[WhiteTeamCountry "ESP"]
[BlackTeamCountry "ESP"]

1. e4 c5 2. Nf3 d6 3. d4 cxd4 4. Nxd4 Nf6 5. Nc3 a6 6. Bg5 e6 7. f4 Nbd7 8. Qe2 Qa5 9. 0-0-0 Be7 10. Kb1 h6 11. Bh4 Nc5 12. e5 dxe5 13. fxe5 Nd5 14. Nxd5 Bxh4 15. b4 Qd8 16. Nc3 Qb6 17. Qc4 Be7 18. Nf5 exf5 19. Nd5 Qc6 20. Nxe7 Kxe7 21. Rd6 Qc7 22. Qxc5 Qxc5 23. bxc5 Be6 24. c6 bxc6 25. Rxc6 Rhc8 26. Rxc8 Rxc8 27. Bxa6 Ra8 28. Bd3 f4 29. Rf1 g5 30. g3 fxg3 31. hxg3 Rxa2 32. Rf6 Ra5 33. Rxh6 Rxe5 34. Rh1 Re3 35. Rg1 Rf3 36. Kb2 Kd6 37. Kc3 Kc5 38. Kd2 Kd4 39. c3+ Kd5 40. Be2 Rf2 41. Ke3 Rh2 42. Ra1 Ke5 43. c4 Rh3 44. Ra5+ Kf6 45. Kf3 Rh1 46. Rc5 Rc1 47. Bd3 g4+ 48. Kf2 Ke7 49. Ke3 Re1+ 50. Kf2 Rc1 51. Ke3 Rg1 52. Kf2 Rd1 53. Ke3 Re1+ 54. Kf2 Kd6 55. Rg5 Rc1 56. Ke3 f6 57. Rg6 Ke5 58. Be2 Rc3+ 59. Kf2 f5 60. Rg7 Bxc4 61. Rc7 Kd4 62. Bxc4 Rc2+ 63. Kf1 Rc1+ 64. Kf2 Rxc4 65. Rxc4+ Kxc4 66. Ke3 Kd5 67. Kd3 Kc5 68. Ke3 Kd6 69. Kd2 Ke6 70. Ke2 Kf6 71. Kd2 Kg5 72. Ke3 Kf6 73. Kd2 Kg6 74. Ke2 Kh5 75. Kf2 Kg5 76. Ke3 f4+ 77. gxf4+ Kf5 78. Ke2 Kxf4 79. Kf2 g3+ 80. Kg2 Kg4 81. Kg1 1/2-1/2

[Event "Aragon-chT Honor GrB"]
[Site "Aragon"]
[Date "2017.02.11"]
[Round "3.29"]
[White "Salamero Pelay, Fernando"]
[Black "Cifuentes Parada, Roberto"]
[Result "0-1"]
[WhiteElo "2163"]
[BlackElo "2478"]
[PlyCount "70"]
[EventDate "2017.01.28"]
[EventType "team-tourn"]
[EventRounds "7"]
[EventCountry "ESP"]
[SourceTitle "EXT 2018"]
[Source "ChessBase"]
[SourceDate "2017.10.13"]
[SourceVersion "1"]
[SourceVersionDate "2017.10.13"]
[SourceQuality "1"]
[WhiteTeam "Huesca Club Atletismo"]
[BlackTeam "Jaque"]
[WhiteTeamCountry "ESP"]
[BlackTeamCountry "ESP"]

1. e4 c5 2. Nf3 e6 3. d4 cxd4 4. Nxd4 Nf6 5. Nc3 Nc6 6. Ndb5 d6 7. Bf4 e5 8. Bg5 a6 9. Na3 Be6 10. Nc4 Rb8 11. Nd5 Bxd5 12. Bxf6 Qxf6 13. Qxd5 Nb4 14. Qd2 d5 15. exd5 Rd8 16. Ne3 Bc5 17. 0-0-0 Nxa2+ 18. Kb1 Nb4 19. Qc3 Bxe3 20. fxe3 Nxd5 21. Rxd5 Rxd5 22. Bc4 Rd7 23. Rf1 Qd6 24. Bxf7+ Kd8 25. Bh5 Rf8 26. Qa5+ Kc8 27. Qc3+ Rc7 28. Rxf8+ Qxf8 29. Qxe5 Qf1+ 30. Ka2 Qc4+ 31. Ka1 Qa4+ 32. Kb1 Qxc2+ 33. Ka1 Kb8 34. Bf3 Qc5 35. Qe4 Qc1+ 0-1

[Event "Aragon-chT Honor Descenso"]
[Site "Aragon"]
[Date "2015.03.14"]
[Round "8.25"]
[White "Salamero Pelay, Fernando"]
[Black "Fernandez Rubio, Rafael"]
[Result "1-0"]
[WhiteElo "2164"]
[BlackElo "2114"]
[PlyCount "45"]
[EventDate "2015.02.21"]
[EventType "team-tourn"]
[EventRounds "10"]
[EventCountry "ESP"]
[SourceTitle "EXT 2017"]
[Source "ChessBase"]
[SourceDate "2016.10.25"]
[SourceVersion "1"]
[SourceVersionDate "2016.10.25"]
[SourceQuality "1"]
[WhiteTeam "Huesca Club Atletismo"]
[BlackTeam "Tauste"]
[WhiteTeamCountry "ESP"]
[BlackTeamCountry "ESP"]

1. e4 d6 2. d4 Nf6 3. Nc3 e5 4. Nf3 Nbd7 5. g4 Nxg4 6. Rg1 Ngf6 7. Bc4 h6 8. Be3 c6 9. dxe5 dxe5 10. Qd3 b5 11. Bb3 Qa5 12. 0-0-0 Ba6 13. Ne2 c5 14. Bd5 c4 15. Qc3 Bb4 16. Bxf7+ Kf8 17. Rxd7 Nxd7 18. Bc5+ Nxc5 19. Qxe5 Rd8 20. Qxg7+ Ke7 21. Bd5+ Kd6 22. Rg6+ Ne6 23. Rxe6+ 1-0

[Event "Aragon-chT Honor GrB"]
[Site "Aragon"]
[Date "2014.03.08"]
[Round "7.25"]
[White "Adla, Diego Gustavo"]
[Black "Salamero Pelay, Fernando"]
[Result "1-0"]
[WhiteElo "2471"]
[BlackElo "2149"]
[PlyCount "95"]
[EventDate "2014.01.25"]
[EventType "team-tourn"]
[EventRounds "7"]
[EventCountry "ESP"]
[SourceTitle "EXT 2015"]
[Source "ChessBase"]
[SourceDate "2014.11.20"]
[SourceVersion "1"]
[SourceVersionDate "2014.11.20"]
[SourceQuality "1"]
[WhiteTeam "St Casablanca"]
[BlackTeam "Huesca Club Atletismo"]
[WhiteTeamCountry "ESP"]
[BlackTeamCountry "ESP"]

1. c4 e5 2. g3 Nc6 3. Bg2 g6 4. Nc3 Bg7 5. e3 d6 6. Nge2 Bg4 7. h3 Be6 8. Nd5 Nce7 9. d4 c6 10. Nxe7 Nxe7 11. d5 Bd7 12. dxc6 Bxc6 13. e4 f5 14. 0-0 Bxe4 15. Bxe4 fxe4 16. Bg5 0-0 17. Bxe7 Qxe7 18. Qd5+ Qf7 19. Qxe4 Rac8 20. b3 Qf3 21. Qxf3 Rxf3 22. Kg2 e4 23. Rac1 Rcf8 24. Rcd1 Be5 25. Ng1 Rc3 26. Rfe1 Rc2 27. Re2 Rxe2 28. Nxe2 Rf3 29. Ng1 Rc3 30. Rd2 e3 31. fxe3 Rxe3 32. Ne2 Bg7 33. Kf2 Re6 34. Rd3 Be5 35. Rf3 Kg7 36. g4 Rf6 37. Ke3 Rxf3+ 38. Kxf3 Kf6 39. h4 h5 40. gxh5 gxh5 41. Nf4 Bxf4 42. Kxf4 a5 43. a3 b6 44. b4 axb4 45. axb4 Ke6 46. Kg5 Ke5 47. Kxh5 Kf5 48. b5 1-0

[Event "Aragon-chT Honor Descenso"]
[Site "Aragon"]
[Date "2013.03.23"]
[Round "9.21"]
[White "Villuendas Valero, Adrian"]
[Black "Salamero Pelay, Fernando"]
[Result "0-1"]
[WhiteElo "2301"]
[BlackElo "2140"]
[PlyCount "90"]
[EventDate "2013.01.26"]
[EventType "team-tourn"]
[EventRounds "11"]
[EventCountry "ESP"]
[SourceTitle "EXT 2014"]
[Source "ChessBase"]
[SourceDate "2013.11.20"]
[SourceVersion "1"]
[SourceVersionDate "2013.11.20"]
[SourceQuality "1"]
[WhiteTeam "Ramiro"]
[BlackTeam "Huesca Club Atletismo"]
[WhiteTeamCountry "ESP"]
[BlackTeamCountry "ESP"]

1. d4 e6 2. e4 d5 3. Nc3 Bb4 4. e5 c5 5. a3 Bxc3+ 6. bxc3 Qa5 7. Bd2 Qa4 8. Qg4 g6 9. Qd1 cxd4 10. Rb1 Qxa3 11. cxd4 Nc6 12. Nf3 Qe7 13. Bd3 Qc7 14. h4 h6 15. 0-0 Bd7 16. Qc1 0-0-0 17. Qa3 Nge7 18. Ra1 Kb8 19. Rfb1 Nc8 20. Bb5 N6e7 21. Ba6 Bc6 22. Bb4 b6 23. Rb3 Qd7 24. Rc3 Bb7 25. Bxe7 Nxe7 26. Bb5 Bc6 27. Bd3 Nc8 28. Rb3 Qe7 29. Qc1 Rdg8 30. g4 Rd8 31. Qf4 g5 32. hxg5 hxg5 33. Qe3 Rh3 34. Bf1 Rh6 35. Bg2 Rg8 36. Ne1 f5 37. exf6 Qxf6 38. Nd3 Rg7 39. Qg3+ Ka8 40. Ne5 Bb7 41. Rf3 Qe7 42. Rfa3 Rgh7 43. Qc3 Qc7 44. Qb4 Rh8 45. Rc3 Qh7 0-1

[Event "Aragon-chT Preferente Ascenso"]
[Site "Aragon"]
[Date "2012.04.14"]
[Round "10.33"]
[White "Salamero Pelay, Fernando"]
[Black "Dominguez Bujeda, Jesus"]
[Result "0-1"]
[WhiteElo "2123"]
[BlackElo "2127"]
[PlyCount "82"]
[EventDate "2012.02.04"]
[EventType "team-tourn"]
[EventRounds "2"]
[EventCountry "ESP"]
[SourceTitle "EXT 2014"]
[Source "ChessBase"]
[SourceDate "2013.11.20"]
[SourceVersion "1"]
[SourceVersionDate "2013.11.20"]
[SourceQuality "1"]
[WhiteTeam "Atl Huesca"]
[BlackTeam "Teruel"]
[WhiteTeamCountry "ESP"]
[BlackTeamCountry "ESP"]

1. e4 c5 2. Nf3 Nc6 3. Bb5 g6 4. Bxc6 dxc6 5. h3 Bg7 6. d3 Nf6 7. Nc3 Nd7 8. Be3 e5 9. Qd2 h6 10. 0-0 Qe7 11. Nh2 Nf8 12. f4 exf4 13. Bxf4 Ne6 14. Bg3 Nd4 15. Rae1 0-0 16. Qf2 Be6 17. e5 f5 18. exf6 Rxf6 19. Qd2 Rxf1+ 20. Nxf1 Rf8 21. Nh2 Qd7 22. Ne4 b6 23. c3 Nf5 24. Bf2 Nd6 25. a4 Nxe4 26. Rxe4 Bf5 27. Re3 Rd8 28. Qe1 Bf6 29. Nf3 Bxd3 30. Re6 Qf7 31. Bg3 Bc2 32. Qe3 Bf5 33. Rxc6 Kh7 34. Be5 Re8 35. Qf4 Bxe5 36. Nxe5 Qe7 37. Nf3 Rd8 38. Nh4 Bc2 39. Qg3 g5 40. Nf3 Qe3+ 41. Qf2 Rd1+ 0-1

[Event "San Sebastian op 35th"]
[Site "San Sebastian"]
[Date "2012.04.02"]
[Round "4"]
[White "Romanishin, Oleg M"]
[Black "Salamero Pelay, Fernando"]
[Result "0-1"]
[WhiteElo "2541"]
[BlackElo "2123"]
[PlyCount "154"]
[EventDate "2012.03.31"]
[EventType "swiss"]
[EventRounds "9"]
[EventCountry "ESP"]
[SourceTitle "CBM 147 Extra"]
[Source "ChessBase"]
[SourceDate "2012.04.24"]
[SourceVersion "1"]
[SourceVersionDate "2012.04.24"]
[SourceQuality "1"]

1. d4 d5 2. Nf3 Nc6 3. g3 Bg4 4. Bg2 Qd7 5. h3 Bf5 6. c4 e6 7. Nc3 Bb4 8. 0-0 Bxc3 9. bxc3 Be4 10. Qb3 0-0-0 11. c5 Nge7 12. Qa3 f6 13. Nd2 Bxg2 14. Kxg2 g5 15. Rb1 h5 16. Nb3 Rdg8 17. Na5 Nxa5 18. Qxa5 Kb8 19. Bd2 h4 20. g4 f5 21. f3 b6 22. Qa6 Qc8 23. Qa3 Rh7 24. Rb3 Kb7 25. Qa4 Rhg7 26. Ra3 Qb8 27. Rb1 c6 28. cxb6 Qg3+ 29. Kf1 Qxh3+ 30. Kf2 Qh2+ 31. Ke3 axb6 32. Qa6+ Kc7 33. Qxb6+ Kd7 34. Ra7+ Ke8 35. Kd3 Qd6 36. Qa6 Kf7 37. Rbb7 Kf6 38. Rd7 Qb8 39. Rab7 Qa8 40. Ra7 Qb8 41. Rab7 Qa8 42. Qxa8 Rxa8 43. f4 fxg4 44. fxg5+ Kf5 45. Rxe7 Rxe7 46. Rxe7 g3 47. Rh7 Kg4 48. g6 h3 49. g7 Rg8 50. Be3 h2 51. a4 Kf5 52. a5 Rxg7 53. Rh5+ Kg4 54. Rh8 Ra7 55. Rg8+ Kh3 56. Bf4 h1Q 57. Rh8+ Kg2 58. Rxh1 Kxh1 59. Bxg3 Rxa5 60. e4 Kg2 61. Bd6 Kf3 62. exd5 exd5 63. c4 dxc4+ 64. Kxc4 Ke4 65. Be5 Kf5 66. Kb4 Rb5+ 67. Kc4 Ke6 68. Bh8 Rb1 69. Kc5 Rc1+ 70. Kb6 Kd5 71. Bf6 Rf1 72. Be7 Rb1+ 73. Kc7 Rc1 74. Bf6 Rf1 75. Bh8 Rf8 76. Be5 c5 77. dxc5 Kxe5 0-1